000 01063nam a22002895a 4500
005 20080522115808.0
008 080520s2008 nyu 000 0 eng
010 _aENG-97822
020 _c800.00
_a9788178311777
035 _aEN-81355
037 _bDBAD/PUB
040 _aDPL
082 _a333.30954123
100 _92856
_aSinha, Ranjan Kumar
245 _aDynamics of land-caste relations in India :
_cby Rajeev Ranjan Kumar Sinha
_ba case study of Bihar /
250 _a.
260 _aNew Delhi
_bManak Publications
_c2009
270 _aB-7, Saraswati Complex, Subhash Chwok, Laxmi Nagar,
_bNew Delhi
_e110092
300 _axiv,250p.
_b23cm. (Hb)
500 _aIncludes bibliographical references and index
650 _aSongs, Hindi.
_94279
650 _aHindustani music.
_91187
700 _94392
942 _2ddc
_cEN
_mSIN
_h333.30954123
999 _c38755
_d38755